Регионална библиотека "Любен Каравелов" - Русе

Господинът (Запис номер 346135)

MARC детайли
000 -Лидер
Контролно поле с фиксирана дължина 00795nam a2200253 a 4500
003 - Код на организацията, давaща контролен номер
Контролно поле BLK
005 - Дата и час на последна редакция
Контролно поле 20250728145329.0
008 - Елементи от данни с фиксирана дължина
fixed length control field 191023b bu ||||| |||| 00| 0 bu d
020 ## - Международен стандартен номер на книга ISBN
Международен стандартен номер на книга ISBN 9789546559364
040 ## - Източник на каталожния запис
Идентификатор на билиотеката - собственик на записа BLK
041 ## - Код за език
Код за езика на текст/звукозапис или на отделно заглавие Български
Код за езика КДБФ Български
080 ## - УДК
Текстов определител УДК Американска литература (на САЩ)
УДК код - определител по УДК 821.111(73)
УДК - код + определител 821.111(73)
100 ## - Редна дума - Автор
R(LIN) 324309
Автор Джеймс, Е. Л.
Авторска отговорност първи автор
139 ## - Редно поле
Редна дума Джеймс, Е. Л.
Авторски знак Дже - Д 50
245 ## - Сведения за заглавието
Заглавие Господинът
260 ## - Област на издателските данни
9 (RLIN) 209457
Място на издаване, разпространение и проч. София
Име на издателя, разпространителя и проч. Бард
Година на издаване 2019
300 ## - Физическа характеристика
Страници 463 с.
Размери/Мащаб 22 см
380 ## - Жанр
Жанр Худож. лит.
700 ## - Други автори (авторска отговорност)
9 (RLIN) 1311
Лично име Тотоманов, Иван
Автороска отговорност (Описва отношението между автора и произведението) ред.
852 ## - Местоположение
Форматна сигнатура Цб 299986
999 ## - СИСТЕМНИ КОНТРОЛНИ НОМЕРА
Koha biblionumber 346135
Koha biblioitemnumber 346135
942 ## - АРТИКУЛИ
Вид на библиотечния материал Книги
Скрит в OPAC Не
Периодичен библиозапис Да
Koha issues (borrowed), all copies 46
944 ## - СЪЗДАВАНЕ И РЕДАКЦИЯ на ЗАПИСА
Създаване/Редакция Създаване
Дата на регистрацията/редакция 2019-10-23
Служител, извършил регистрацията/редакцията 30531
Статус, дата на статуса Цветелина Шанова
999 ## - СИСТЕМНИ КОНТРОЛНИ НОМЕРА
Koha biblioitemnumber 346135
Наличности
Код за отписване Код за изгубен артикул Източник на класификационната схема Код за повреда Коз за рестрикции Код за отдаване Артикулен № Име на библиотеката - собственик Име на библиотеката, в която се намира в момента Статус (Текущо местоположение) Дата на вписване в системата Местоположение - отдел Цена в лева Систематично азбучна сигнатура Баркод Цена в евро Служебен тип на артикула
  Не е изгубен Universal Decimal Classification Не е повреден без рестрикции заемане за дома 748151 Регионална библиотека "Любен Каравелов" Русе Регионална библиотека "Любен Каравелов" Русе Заемна - подръчен фонд 2019-10-24 Заемна - подръчен фонд 13.59 П 820-31/Д 50 120000837043 6.95 Книги
  Не е изгубен Universal Decimal Classification Не е повреден   ползва се в читалня 781309 Регионална библиотека "Любен Каравелов" Русе Регионална библиотека "Любен Каравелов" Русе Хранилище 2020-07-06 Хранилище 19.99 Цб 299986 120000844839 10.22 Книги
Vip Innovations Ltd, Rousse, Bulgaria 2025